[Event "Collado Villalba-B 37th"]
[Site "Collado Villalba"]
[Date "2020.08.29"]
[Round "9"]
[White "Criado Riesgo, Manuel"]
[Black "Enriquez Pastor, Jorge"]
[Result "1-0"]
[WhiteElo "1694"]
[BlackElo "1445"]
[PlyCount "69"]
[EventDate "2020.08.22"]
[EventType "tourn"]
[EventRounds "9"]
[EventCountry "ESP"]
[SourceTitle "CBM 198 Extra"]
[Source "ChessBase"]
[SourceDate "2020.11.30"]
[SourceVersion "1"]
[SourceVersionDate "2020.11.30"]
[SourceQuality "1"]

1. b3 d5 2. e3 e5 3. Bb2 Bd6 4. Nf3 Bg4 5. Be2 Nc6 6. c4 Nf6 7. cxd5 Nxd5 8. d4 exd4 9. Nxd4 Bxe2 10. Qxe2 Ne5 11. 0-0 0-0 12. Nf5 Nf6 13. Rd1 Qb8 14. h3 Rd8 15. Nc3 c6 16. Nxd6 Rxd6 17. Na4 Rxd1+ 18. Rxd1 Nd5 19. e4 Nf4 20. Qe3 Ne6 21. f4 Ng6 22. f5 b5 23. Nc3 Nef4 24. fxg6 fxg6 25. Ne2 Nh5 26. g4 Nf6 27. Bxf6 gxf6 28. Qc5 Qe8 29. Qd4 f5 30. gxf5 gxf5 31. Kh2 Qxe4 32. Rg1+ Kf8 33. Qf6+ Ke8 34. Rg8+ Kd7 35. Rg7+ 1-0

[Event "Collado Villalba-B 37th"]
[Site "Collado Villalba"]
[Date "2020.08.27"]
[Round "7"]
[White "Rodriguez Gomez, Jose Antonio"]
[Black "Criado Riesgo, Manuel"]
[Result "1-0"]
[WhiteElo "1544"]
[BlackElo "1694"]
[PlyCount "77"]
[EventDate "2020.08.22"]
[EventType "tourn"]
[EventRounds "9"]
[EventCountry "ESP"]
[SourceTitle "CBM 198 Extra"]
[Source "ChessBase"]
[SourceDate "2020.11.30"]
[SourceVersion "1"]
[SourceVersionDate "2020.11.30"]
[SourceQuality "1"]

1. e4 d5 2. exd5 Qxd5 3. Nc3 Qd8 4. d4 Nf6 5. Nf3 Bg4 6. Be3 e6 7. h3 Bxf3 8. Qxf3 c6 9. 0-0-0 Bb4 10. Bg5 Be7 11. g4 Nd5 12. Bxe7 Qxe7 13. h4 Nd7 14. Nxd5 cxd5 15. Bb5 0-0-0 16. g5 Nb6 17. Rhe1 Qb4 18. Qe2 Kb8 19. c3 Rc8 20. Bd3 Qxd4 21. h5 Qf4+ 22. Qe3 Qxe3+ 23. Rxe3 Nc4 24. Re2 Rc7 25. f4 g6 26. Rh1 Rhc8 27. Kb1 Nd6 28. hxg6 hxg6 29. Rc1 Rh8 30. Rf1 Rh3 31. Bxg6 fxg6 32. Rxe6 Ne4 33. Rd1 Rc6 34. Re8+ Rc8 35. Re6 Rch8 36. Rxd5 Rxc3 37. Rd1 Nd2+ 38. Ka1 Rhc8 39. bxc3 1-0

[Event "Collado Villalba-B 37th"]
[Site "Collado Villalba"]
[Date "2020.08.22"]
[Round "1"]
[White "Rey Martinez, Jaime"]
[Black "Criado Riesgo, Manuel"]
[Result "1-0"]
[WhiteElo "1828"]
[BlackElo "1694"]
[PlyCount "33"]
[EventDate "2020.08.22"]
[EventType "tourn"]
[EventRounds "9"]
[EventCountry "ESP"]
[SourceTitle "CBM 198 Extra"]
[Source "ChessBase"]
[SourceDate "2020.11.30"]
[SourceVersion "1"]
[SourceVersionDate "2020.11.30"]
[SourceQuality "1"]

1. e4 d5 2. exd5 Qxd5 3. Nc3 Qd8 4. Bc4 Nf6 5. Nf3 a6 6. a4 c5 7. d4 cxd4 8. Qxd4 Qxd4 9. Nxd4 e6 10. Bg5 Be7 11. 0-0 Bd7 12. Rad1 Nc6 13. Nf3 h6 14. Be3 0-0 15. Ne4 Rad8 16. Nxf6+ Bxf6 17. Bb6 1-0

[Event "Colmenarejo Autumn op 29th"]
[Site "Colmenarejo"]
[Date "2019.10.20"]
[Round "6"]
[White "Minguez Greciano, Iluminada"]
[Black "Criado Riesgo, Manuel"]
[Result "1/2-1/2"]
[WhiteElo "1782"]
[BlackElo "1688"]
[PlyCount "60"]
[EventDate "2019.09.15"]
[EventType "swiss"]
[EventRounds "7"]
[EventCountry "ESP"]
[SourceTitle "EXT 2021"]
[Source "ChessBase"]
[SourceDate "2020.10.23"]
[SourceVersion "1"]
[SourceVersionDate "2020.10.23"]
[SourceQuality "1"]

1. c4 e6 2. g3 Nf6 3. Nf3 d5 4. d4 Be7 5. Bg2 0-0 6. Nc3 c6 7. a4 a5 8. 0-0 Na6 9. Re1 Bb4 10. Bg5 Be7 11. Rc1 Nb4 12. h4 h6 13. Bxf6 Bxf6 14. e4 g6 15. cxd5 exd5 16. e5 Bg7 17. Nh2 h5 18. f4 Bf5 19. Bf1 Re8 20. Be2 Rc8 21. Nf1 Qd7 22. Ne3 Rcd8 23. Rf1 Re7 24. Qd2 b6 25. Rfd1 Qe6 26. Bf3 Red7 27. Ne2 Re7 28. Rc3 Rc8 29. b3 Rec7 30. Rdc1 Qd7 1/2-1/2

[Event "Colmenarejo Autumn op 29th"]
[Site "Colmenarejo"]
[Date "2019.10.13"]
[Round "5"]
[White "Criado Riesgo, Manuel"]
[Black "Garcia Fernandez, Jose Luis"]
[Result "1/2-1/2"]
[WhiteElo "1688"]
[BlackElo "1776"]
[PlyCount "49"]
[EventDate "2019.09.15"]
[EventType "swiss"]
[EventRounds "7"]
[EventCountry "ESP"]
[SourceTitle "EXT 2021"]
[Source "ChessBase"]
[SourceDate "2020.10.23"]
[SourceVersion "1"]
[SourceVersionDate "2020.10.23"]
[SourceQuality "1"]

1. d4 d5 2. c4 e6 3. Nc3 Nf6 4. Bg5 c6 5. e3 Be7 6. Nf3 Nbd7 7. Bd3 dxc4 8. Bxc4 b5 9. Bd3 Bb7 10. 0-0 0-0 11. Rc1 Rc8 12. Ne4 Nxe4 13. Bxe7 Qxe7 14. Bxe4 Nf6 15. Bd3 a6 16. Bb1 c5 17. dxc5 Rxc5 18. Rxc5 Qxc5 19. Qd4 Qxd4 20. Nxd4 e5 21. Nb3 Rc8 22. Rd1 Kf8 23. Bf5 Rc7 24. Rc1 Rxc1+ 25. Nxc1 1/2-1/2

[Event "Colmenarejo Autumn op 29th"]
[Site "Colmenarejo"]
[Date "2019.09.29"]
[Round "3"]
[White "Pena Hernandez, Francisco Javier"]
[Black "Criado Riesgo, Manuel"]
[Result "0-1"]
[WhiteElo "1551"]
[BlackElo "1688"]
[PlyCount "106"]
[EventDate "2019.09.15"]
[EventType "swiss"]
[EventRounds "7"]
[EventCountry "ESP"]
[SourceTitle "EXT 2021"]
[Source "ChessBase"]
[SourceDate "2020.10.23"]
[SourceVersion "1"]
[SourceVersionDate "2020.10.23"]
[SourceQuality "1"]

1. c4 e6 2. Nc3 Nf6 3. g3 d5 4. cxd5 exd5 5. d4 Bd6 6. Bg2 c6 7. Qc2 0-0 8. f4 Re8 9. Nf3 Qb6 10. 0-0 Bg4 11. e3 Bxf3 12. Bxf3 Nbd7 13. Na4 Qc7 14. Nc5 Bxc5 15. dxc5 Ne4 16. Bxe4 Rxe4 17. Bd2 Rc4 18. Bc3 Re8 19. b3 Rce4 20. Bd4 Nf6 21. h3 R4e6 22. g4 Ne4 23. Qg2 f6 24. b4 a5 25. a3 Ra8 26. Rfb1 axb4 27. axb4 Ree8 28. h4 Qd7 29. g5 Qf5 30. gxf6 Nxf6 31. Bxf6 Qxf6 32. Rxa8 Rxa8 33. Qg5 Qe6 34. f5 Qe4 35. Rf1 h6 36. Qf4 Re8 37. f6 Qxe3+ 38. Qxe3 Rxe3 39. fxg7 Kxg7 40. Rf4 Re4 41. Rxe4 dxe4 42. Kf2 Kf6 43. Ke3 Ke5 44. h5 Kd5 45. Kd2 Kc4 46. Ke3 Kxb4 47. Kxe4 Kxc5 48. Kf5 b5 49. Kg6 b4 50. Kxh6 b3 51. Kg7 b2 52. h6 b1Q 53. h7 Qxh7+ 0-1

[Event "Colmenarejo Autumn op 29th"]
[Site "Colmenarejo"]
[Date "2019.09.15"]
[Round "1"]
[White "Vizcay Gonzalez, Jose Maria"]
[Black "Criado Riesgo, Manuel"]
[Result "0-1"]
[WhiteElo "1304"]
[BlackElo "1688"]
[PlyCount "82"]
[EventDate "2019.09.15"]
[EventType "swiss"]
[EventRounds "7"]
[EventCountry "ESP"]
[SourceTitle "EXT 2021"]
[Source "ChessBase"]
[SourceDate "2020.10.23"]
[SourceVersion "1"]
[SourceVersionDate "2020.10.23"]
[SourceQuality "1"]

1. e4 d5 2. e5 c5 3. Nf3 Nc6 4. c3 Bg4 5. Bb5 Qc7 6. h3 Bxf3 7. Bxc6+ bxc6 8. Qxf3 Qxe5+ 9. Qe3 Qd6 10. 0-0 e6 11. b3 Nf6 12. Ba3 Nd7 13. d4 cxd4 14. Qxd4 Qe5 15. Qa4 Qc7 16. Bxf8 Nxf8 17. Nd2 Ng6 18. Nf3 0-0 19. Rae1 a5 20. h4 h6 21. h5 Ne7 22. Ne5 f6 23. Ng6 Nxg6 24. hxg6 e5 25. Qg4 Qc8 26. Qh5 Qe6 27. f4 e4 28. f5 Qe5 29. Qh3 Rfe8 30. Qe3 Qd6 31. Rd1 Qc7 32. Qc5 Qa7 33. Qxa7 Rxa7 34. Rde1 Rd7 35. Re3 Re5 36. Kh2 c5 37. Kg3 d4 38. cxd4 cxd4 39. Ree1 d3 40. Rc1 Rd8 41. Kf4 e3 0-1

[Event "Collado Villalba op-B 36th"]
[Site "Collado Villalba"]
[Date "2019.08.28"]
[Round "6"]
[White "Olmedo Aznar, Eduardo"]
[Black "Criado Riesgo, Manuel"]
[Result "1/2-1/2"]
[WhiteElo "1786"]
[BlackElo "1688"]
[PlyCount "56"]
[EventDate "2019.08.23"]
[EventType "swiss"]
[EventRounds "9"]
[EventCountry "ESP"]
[SourceTitle "CBM 192 Extra"]
[Source "Chessbase"]
[SourceDate "2019.11.06"]
[SourceVersion "1"]
[SourceVersionDate "2019.11.06"]
[SourceQuality "1"]

1. e4 d5 2. exd5 Qxd5 3. Nc3 Qd8 4. d4 Nf6 5. Nf3 Bg4 6. Bc4 e6 7. h3 Bxf3 8. Qxf3 c6 9. Be3 Bb4 10. 0-0 0-0 11. Ne4 Nxe4 12. Qxe4 Nd7 13. Bd3 Nf6 14. Qh4 g6 15. c3 Be7 16. Qg3 Bd6 17. Qf3 Rc8 18. Bg5 Be7 19. Rfe1 Qd5 20. Qxd5 Nxd5 21. Be3 a5 22. a3 a4 23. Rad1 Rcd8 24. Kf1 h5 25. Bc2 Nb6 26. Bd3 Nd5 27. Bc2 Nb6 28. Bd3 Nd5 1/2-1/2

[Event "Collado Villalba op-B 36th"]
[Site "Collado Villalba"]
[Date "2019.08.24"]
[Round "2"]
[White "Criado Riesgo, Manuel"]
[Black "Minguez Greciano, Iluminada"]
[Result "1-0"]
[WhiteElo "1688"]
[BlackElo "1818"]
[PlyCount "99"]
[EventDate "2019.08.23"]
[EventType "swiss"]
[EventRounds "9"]
[EventCountry "ESP"]
[SourceTitle "CBM 192 Extra"]
[Source "Chessbase"]
[SourceDate "2019.11.06"]
[SourceVersion "1"]
[SourceVersionDate "2019.11.06"]
[SourceQuality "1"]

1. d4 d5 2. c4 c6 3. cxd5 cxd5 4. Nf3 Nc6 5. Nc3 Nf6 6. Bg5 Ne4 7. Bd2 e6 8. g3 Bd7 9. Bg2 Nxd2 10. Qxd2 Be7 11. 0-0 Rc8 12. Rac1 0-0 13. e3 Na5 14. Ne5 Nc4 15. Nxc4 Rxc4 16. Rc2 Qa5 17. Nxd5 Bb4 18. Nxb4 Rxc2 19. Qxc2 Qxb4 20. Qc7 Bc6 21. Bxc6 bxc6 22. Qxa7 Qxb2 23. a4 Rb8 24. a5 g6 25. Qc7 Ra8 26. a6 Qa2 27. Qxc6 Rxa6 28. Qe4 Ra5 29. Rc1 Qb2 30. Rc7 Rf5 31. Qc2 Qa1+ 32. Qc1 Qa2 33. Rc2 Qa6 34. Rc5 Rd5 35. Rxd5 exd5 36. Qc2 Kg7 37. Kg2 Qe6 38. Qe2 f5 39. h4 h5 40. Qf3 Qd6 41. Qd1 Qe6 42. Qb1 Kg8 43. Qb8+ Kf7 44. Qe5 Qc6 45. Qh8 Ke7 46. Qg7+ Ke8 47. Kf3 Kd8 48. Qf8+ Kd7 49. Qf7+ Kd8 50. Kf4 1-0

[Event "Collado Villalba op-B 36th"]
[Site "Collado Villalba"]
[Date "2019.08.23"]
[Round "1"]
[White "Criado Riesgo, Manuel"]
[Black "Olmedo Aznar, Mario"]
[Result "1-0"]
[WhiteElo "1688"]
[BlackElo "1163"]
[PlyCount "81"]
[EventDate "2019.08.23"]
[EventType "swiss"]
[EventRounds "9"]
[EventCountry "ESP"]
[SourceTitle "CBM 192 Extra"]
[Source "Chessbase"]
[SourceDate "2019.11.06"]
[SourceVersion "1"]
[SourceVersionDate "2019.11.06"]
[SourceQuality "1"]

1. d4 Nf6 2. Nf3 d5 3. c4 e6 4. Bg5 c5 5. e3 h6 6. Bh4 Be7 7. Bd3 Qb6 8. Qc2 Nc6 9. dxc5 Qxc5 10. a3 a5 11. cxd5 Qxc2 12. Bxc2 exd5 13. Nc3 Be6 14. 0-0 0-0 15. Rad1 Rfd8 16. Nd4 Ne5 17. Bb3 Ng6 18. Bg3 Rac8 19. Rc1 Bc5 20. Rfd1 Ng4 21. Nce2 b6 22. h3 Nf6 23. Nf4 Nxf4 24. Bxf4 Ne4 25. Nf3 Nf6 26. Be5 Ne4 27. Bc2 Nd6 28. Bxd6 Rxd6 29. Bb1 Rdd8 30. Ba2 f6 31. e4 Bf7 32. exd5 Rd7 33. b4 axb4 34. axb4 Ra8 35. bxc5 Rxa2 36. c6 Rd8 37. c7 Rc8 38. d6 Be6 39. d7 Bxd7 40. Rxd7 Ra7 41. Rd8+ 1-0

[Event "Colmenarejo Spring op"]
[Site "Colmenarejo"]
[Date "2019.05.05"]
[Round "1.2"]
[White "Criado Riesgo, Manuel"]
[Black "De Diego Ferrer, Emilio"]
[Result "0-1"]
[WhiteElo "1693"]
[BlackElo "1906"]
[PlyCount "40"]
[EventDate "2019.05.05"]
[EventType "swiss"]
[EventRounds "7"]
[EventCountry "ESP"]
[SourceTitle "EXT 2024"]
[Source "ChessBase"]
[SourceDate "2023.10.10"]
[SourceVersion "1"]
[SourceVersionDate "2023.10.10"]
[SourceQuality "1"]

1. d4 d5 2. c4 c6 3. cxd5 cxd5 4. Nf3 Nc6 5. Nc3 Nf6 6. Bg5 e6 7. e3 Be7 8. Bd3 0-0 9. 0-0 a6 10. Rc1 Bd7 11. Na4 Nb4 12. Nc3 Nxd3 13. Qxd3 b5 14. Ne5 Be8 15. Rfd1 b4 16. Bxf6 gxf6 17. Ng4 bxc3 18. Qe2 f5 19. Nh6+ Kg7 20. Qh5 cxb2 0-1

[Event "Colmenarejo Autumn op 25th"]
[Site "Colmenarejo"]
[Date "2018.10.28"]
[Round "7"]
[White "Serrano Martinez, Francisco Jose"]
[Black "Criado Riesgo, Manuel"]
[Result "1/2-1/2"]
[WhiteElo "1846"]
[BlackElo "1665"]
[PlyCount "84"]
[EventDate "2018.09.16"]
[EventType "swiss"]
[EventRounds "7"]
[EventCountry "ESP"]
[SourceTitle "CBM 187 Extra"]
[Source "ChessBase"]
[SourceDate "2018.11.04"]
[SourceVersion "1"]
[SourceVersionDate "2018.11.04"]
[SourceQuality "1"]

1. e4 d5 2. exd5 Qxd5 3. Nc3 Qd8 4. d4 Nf6 5. Nf3 Bg4 6. h3 Bxf3 7. Qxf3 c6 8. Be3 e6 9. Bd3 Bb4 10. 0-0 0-0 11. Ne4 Be7 12. Nxf6+ Bxf6 13. Rad1 Nd7 14. Rfe1 Be7 15. c3 Nf6 16. Bg5 Qd5 17. Qxd5 Nxd5 18. Bxe7 Nxe7 19. Re5 Rad8 20. Rde1 Rd5 21. Bc4 Rxe5 22. Rxe5 Ng6 23. Ra5 a6 24. Rg5 Rd8 25. g3 Ne7 26. Kf1 Nd5 27. Re5 Kf8 28. Bb3 Nf6 29. Ke2 Nd7 30. Rh5 Nf6 31. Re5 Nd7 32. Ra5 Ke7 33. f4 g6 34. g4 f5 35. Kf3 Nb6 36. Re5 Nd5 37. a4 b5 38. Re1 Ra8 39. a5 Rd8 40. gxf5 gxf5 41. Bxd5 cxd5 42. Rg1 Kf7 1/2-1/2

[Event "Colmenarejo Autumn op 25th"]
[Site "Colmenarejo"]
[Date "2018.10.14"]
[Round "5"]
[White "Buzica Patrin, Teo Adrian"]
[Black "Criado Riesgo, Manuel"]
[Result "1/2-1/2"]
[WhiteElo "1358"]
[BlackElo "1665"]
[PlyCount "97"]
[EventDate "2018.09.16"]
[EventType "swiss"]
[EventRounds "7"]
[EventCountry "ESP"]
[SourceTitle "CBM 187 Extra"]
[Source "ChessBase"]
[SourceDate "2018.11.04"]
[SourceVersion "1"]
[SourceVersionDate "2018.11.04"]
[SourceQuality "1"]

1. d4 d5 2. Bf4 Nf6 3. e3 Bf5 4. c4 e6 5. Nf3 Bxb1 6. Rxb1 Bb4+ 7. Ke2 Bd6 8. Bg3 0-0 9. c5 Bxg3 10. fxg3 c6 11. b4 Ne4 12. Qc2 a6 13. Ke1 Nd7 14. Bd3 Ndf6 15. Ke2 Re8 16. Rhc1 h6 17. Kf1 Ng4 18. Re1 f5 19. Kg1 Qc7 20. a4 Reb8 21. Re2 Ngf6 22. Ne5 Nd7 23. Nxd7 Qxd7 24. Bxe4 fxe4 25. Qb3 Qc7 26. a5 e5 27. Rf1 exd4 28. exd4 Rf8 29. Ref2 Rxf2 30. Rxf2 Rf8 31. Rxf8+ Kxf8 32. Qe3 Qf7 33. Qf2 Qxf2+ 34. Kxf2 Kf7 35. Ke3 Kf6 36. Kf4 g5+ 37. Ke3 Kf5 38. h3 h5 39. Ke2 h4 40. Kf2 hxg3+ 41. Kxg3 e3 42. Kf3 e2 43. Kxe2 Ke4 44. g3 Kxd4 45. Kd2 Ke4 46. Ke2 Kf5 47. Kd3 Ke5 48. Ke3 Kf5 49. Kd3 1/2-1/2

[Event "Collado Villalba op-B 35th"]
[Site "Collado Villalba"]
[Date "2018.08.30"]
[Round "7"]
[White "Criado Riesgo, Manuel"]
[Black "Fernandez Garcia, Emiliano"]
[Result "1-0"]
[WhiteElo "1665"]
[BlackElo "1545"]
[PlyCount "105"]
[EventDate "2018.08.24"]
[EventType "swiss"]
[EventRounds "9"]
[EventCountry "ESP"]
[SourceTitle "CBM 186 Extra"]
[Source "ChessBase"]
[SourceDate "2018.08.24"]
[SourceVersion "1"]
[SourceVersionDate "2018.08.24"]
[SourceQuality "1"]

1. d4 d5 2. c4 dxc4 3. e3 e5 4. Bxc4 exd4 5. Nf3 Bb4+ 6. Bd2 Bxd2+ 7. Qxd2 Nf6 8. Nxd4 0-0 9. 0-0 c5 10. Nb5 Qxd2 11. Nxd2 Nc6 12. Nf3 Bg4 13. h3 Bxf3 14. gxf3 Rfd8 15. Rad1 a6 16. Nd6 Rd7 17. Be2 Rad8 18. Nf5 Kf8 19. a3 Rxd1 20. Rxd1 Rxd1+ 21. Bxd1 b5 22. Be2 g6 23. Nd6 Ke7 24. Nb7 Nd7 25. f4 c4 26. Bf3 Ndb8 27. Kf1 Kd7 28. Bxc6+ Nxc6 29. Nc5+ Kd6 30. Nxa6 f5 31. Ke2 Ne7 32. Nb4 Nd5 33. Nxd5 Kxd5 34. f3 h6 35. h4 h5 36. Kd2 Kc5 37. Kc3 Kd5 38. Kb4 Kc6 39. Ka5 Kc5 40. Ka6 b4 41. axb4+ Kxb4 42. e4 Kc5 43. e5 Kc6 44. Ka5 Kc5 45. e6 Kd6 46. e7 Kxe7 47. Kb5 Kd6 48. Kxc4 Kc6 49. b4 Kb6 50. Kd5 Kb5 51. Ke6 Kxb4 52. Kf6 Kc4 53. Kxg6 1-0

[Event "Colmenarejo Spring op 24th"]
[Site "Colmenarejo"]
[Date "2018.06.10"]
[Round "5"]
[White "Criado Riesgo, Manuel"]
[Black "Melcon Diez, Enrique"]
[Result "1-0"]
[WhiteElo "1666"]
[BlackElo "1653"]
[PlyCount "135"]
[EventDate "2018.05.13"]
[EventType "swiss"]
[EventRounds "7"]
[EventCountry "ESP"]
[SourceTitle "EXT 2019"]
[Source "ChessBase"]
[SourceDate "2018.10.10"]
[SourceVersion "1"]
[SourceVersionDate "2018.10.10"]
[SourceQuality "1"]

1. d4 Nf6 2. Nf3 g6 3. Bf4 c5 4. c3 Qb6 5. Qb3 Nc6 6. e3 Bg7 7. Nbd2 0-0 8. Bd3 Nh5 9. Bg3 Nxg3 10. hxg3 cxd4 11. exd4 d6 12. Qxb6 axb6 13. 0-0 Be6 14. a3 Na5 15. Rfe1 Rfe8 16. Bb5 Nc6 17. Ng5 Bd7 18. Bc4 Nd8 19. Ngf3 Nc6 20. Re2 Na5 21. Bd3 Rac8 22. Rae1 Kf8 23. Ng5 h6 24. Ngf3 b5 25. Nh2 Nc4 26. Nxc4 bxc4 27. Bc2 b5 28. Nf1 Bf6 29. Be4 h5 30. Ne3 e6 31. f4 Kg7 32. Nc2 Rh8 33. Rd1 h4 34. g4 h3 35. gxh3 Rxh3 36. Rh2 Rch8 37. Rxh3 Rxh3 38. Kg2 Rh4 39. Kg3 Kf8 40. Rh1 Rxh1 41. Bxh1 Ke7 42. g5 Bg7 43. Nb4 d5 44. Nc2 f6 45. Ne3 fxg5 46. fxg5 Kd6 47. Kf3 e5 48. dxe5+ Bxe5 49. Ke2 d4 50. cxd4 Bxd4 51. Nd1 Bg4+ 52. Bf3 Bf5 53. Nc3 Bd3+ 54. Kd2 Kc5 55. Be4 Bxe4 56. Nxe4+ Kd5 57. Nc3+ Bxc3+ 58. Kxc3 Kc5 59. Kc2 b4 60. Kd2 bxa3 61. bxa3 Kb5 62. Kc3 Ka4 63. Kxc4 Kxa3 64. Kd5 Kb4 65. Ke6 Kc5 66. Kf6 Kd6 67. Kxg6 Ke6 68. Kh7 1-0

[Event "Colmenarejo Spring op 24th"]
[Site "Colmenarejo"]
[Date "2018.05.27"]
[Round "3"]
[White "Criado Riesgo, Manuel"]
[Black "Olmedo Aznar, Mario"]
[Result "1-0"]
[WhiteElo "1666"]
[BlackElo "1133"]
[PlyCount "59"]
[EventDate "2018.05.13"]
[EventType "swiss"]
[EventRounds "7"]
[EventCountry "ESP"]
[SourceTitle "EXT 2019"]
[Source "ChessBase"]
[SourceDate "2018.10.10"]
[SourceVersion "1"]
[SourceVersionDate "2018.10.10"]
[SourceQuality "1"]

1. d4 Nf6 2. c4 d5 3. cxd5 Qxd5 4. Nc3 Qd8 5. e4 Nc6 6. Nf3 e6 7. Bg5 Be7 8. Be2 h6 9. Bh4 b6 10. 0-0 0-0 11. Rc1 Re8 12. Bb5 Bd7 13. e5 Nh7 14. Bg3 a6 15. Ba4 b5 16. Bc2 Bc8 17. Be4 Bb7 18. a3 Rb8 19. Nxb5 Qd7 20. Nc3 f5 21. exf6 Nxf6 22. d5 Na7 23. Bg6 Red8 24. Ne5 Qc8 25. Bf7+ Kf8 26. Bxe6 Nd7 27. Nxd7+ Rxd7 28. Qf3+ Ke8 29. Qf7+ Kd8 30. Qg8+ 1-0

[Event "Colmenarejo Spring op 24th"]
[Site "Colmenarejo"]
[Date "2018.05.20"]
[Round "2"]
[White "Anton Ortiz, Javier"]
[Black "Criado Riesgo, Manuel"]
[Result "0-1"]
[WhiteElo "1210"]
[BlackElo "1666"]
[PlyCount "114"]
[EventDate "2018.05.13"]
[EventType "swiss"]
[EventRounds "7"]
[EventCountry "ESP"]
[SourceTitle "EXT 2019"]
[Source "ChessBase"]
[SourceDate "2018.10.10"]
[SourceVersion "1"]
[SourceVersionDate "2018.10.10"]
[SourceQuality "1"]

1. e4 d5 2. exd5 Qxd5 3. Nc3 Qd8 4. Nf3 Nf6 5. d4 Bg4 6. Be2 e6 7. 0-0 c6 8. Bf4 Bd6 9. Ne5 Bxe2 10. Qxe2 0-0 11. Qf3 Qc7 12. Qg3 Nh5 13. Qg4 Nxf4 14. Qxf4 f6 15. Qg4 fxe5 16. Qxe6+ Kh8 17. dxe5 Bxe5 18. Rfe1 Bxc3 19. bxc3 Na6 20. Re2 h6 21. Qg6 Qf7 22. Qg3 Rae8 23. Rxe8 Rxe8 24. a3 Qe7 25. f3 Qe3+ 26. Qf2 Qxf2+ 27. Kxf2 Nc5 28. a4 Rd8 29. Ke3 Rd7 30. a5 Kg8 31. Ke2 Kf7 32. Ke3 Ke6 33. Re1 Kd5 34. Rd1+ Kc4 35. Rxd7 Nxd7 36. Kd2 Kb5 37. Kd3 Kxa5 38. Kc4 b5+ 39. Kb3 Nc5+ 40. Ka3 Kb6 41. g4 Ne6 42. h4 a5 43. Kb3 Kc5 44. h5 a4+ 45. Ka3 Kc4 46. Kb2 a3+ 47. Ka2 Kxc3 48. Kxa3 Kxc2 49. Kb4 Kd3 50. Kb3 c5 51. Ka3 c4 52. Kb2 Kd2 53. Ka2 c3 54. f4 c2 55. g5 c1Q 56. gxh6 Kc3 57. hxg7 Qb2# 0-1

[Event "Madrid Colmenarejo Autumn op 22nd"]
[Site "Madrid"]
[Date "2017.10.29"]
[Round "7"]
[White "Criado Riesgo, Manuel"]
[Black "Perez Rodrigo, Alicia"]
[Result "0-1"]
[WhiteElo "1646"]
[BlackElo "1377"]
[PlyCount "90"]
[EventDate "2017.09.17"]
[EventType "swiss"]
[EventRounds "7"]
[EventCountry "ESP"]
[SourceTitle "EXT 2019"]
[Source "ChessBase"]
[SourceDate "2018.10.10"]
[SourceVersion "1"]
[SourceVersionDate "2018.10.10"]
[SourceQuality "1"]

1. d4 f5 2. c4 Nf6 3. Nc3 g6 4. g3 Bg7 5. Bg2 c6 6. Bg5 0-0 7. e3 d6 8. Bxf6 Bxf6 9. Nge2 Nd7 10. d5 c5 11. Nf4 Nb6 12. Qd3 Rb8 13. e4 Qe8 14. Nb5 e5 15. dxe6 Bxe6 16. Nc7 Bxc4 17. Nxe8 Bxd3 18. Nxf6+ Rxf6 19. Nxd3 fxe4 20. Bxe4 Re8 21. f3 Rxf3 22. Ke2 Rf6 23. Ke3 Nc4+ 24. Ke2 Rxe4+ 25. Kd1 Rd4 26. Kc2 Ne5 27. Nxe5 dxe5 28. Rhf1 Rxf1 29. Rxf1 Rd6 30. Re1 Re6 31. Kc3 Kf7 32. Kc4 b6 33. Kd5 Kf6 34. Rf1+ Ke7 35. Re1 Rd6+ 36. Ke4 Ke6 37. Re2 Rd4+ 38. Ke3 e4 39. Rf2 h5 40. Rf8 Ke5 41. Re8+ Kf5 42. Rf8+ Kg4 43. Rf4+ Kh3 44. Rh4+ Kg2 45. Kf4 e3+ 0-1

[Event "Collado Villalba op-B 34th"]
[Site "Collado Villalba"]
[Date "2017.08.28"]
[Round "7"]
[White "Tirado Parra, Alberto"]
[Black "Criado Riesgo, Manuel"]
[Result "1-0"]
[WhiteElo "1859"]
[BlackElo "1646"]
[PlyCount "69"]
[EventDate "2017.08.22"]
[EventType "swiss"]
[EventRounds "9"]
[EventCountry "ESP"]
[SourceTitle "CBM 180 Extra"]
[Source "ChessBase"]
[SourceDate "2017.10.06"]
[SourceVersion "1"]
[SourceVersionDate "2017.10.06"]
[SourceQuality "1"]

1. e4 d5 2. Nc3 d4 3. Nce2 e5 4. Ng3 Nf6 5. Nf3 Bg4 6. h3 Bxf3 7. Qxf3 c5 8. Bc4 Nbd7 9. 0-0 a6 10. a4 Be7 11. d3 0-0 12. Nf5 Re8 13. Qg3 Nh5 14. Nh6+ Kf8 15. Qf3 Nhf6 16. Nxf7 Qc7 17. Ng5 Bd6 18. Nxh7+ Ke7 19. Bg5 Rh8 20. Qf5 Rae8 21. Rae1 Kd8 22. f4 exf4 23. Be6 Rxe6 24. Qxe6 Rxh7 25. Qg8+ Ke7 26. Qxh7 Kf7 27. Bxf6 Nxf6 28. Qh4 Be5 29. Re2 c4 30. Rf3 Qc6 31. Qg5 cxd3 32. cxd3 Qxa4 33. Qxe5 Qd1+ 34. Kf2 Qh1 35. Qxf4 1-0

[Event "Collado Villalba op-B 34th"]
[Site "Collado Villalba"]
[Date "2017.08.23"]
[Round "2"]
[White "Gonzalez Pabollet, Jesus Maria"]
[Black "Criado Riesgo, Manuel"]
[Result "1/2-1/2"]
[WhiteElo "1848"]
[BlackElo "1646"]
[PlyCount "66"]
[EventDate "2017.08.22"]
[EventType "swiss"]
[EventRounds "9"]
[EventCountry "ESP"]
[SourceTitle "CBM 180 Extra"]
[Source "ChessBase"]
[SourceDate "2017.10.06"]
[SourceVersion "1"]
[SourceVersionDate "2017.10.06"]
[SourceQuality "1"]

1. Nf3 d5 2. b3 Nf6 3. Bb2 e6 4. e3 c5 5. Be2 Nc6 6. 0-0 Be7 7. d4 0-0 8. a3 Ne4 9. Nbd2 f5 10. dxc5 Nxc5 11. b4 Na4 12. Rb1 Bf6 13. Bxf6 Qxf6 14. Rb3 Rd8 15. Qa1 d4 16. exd4 Nxd4 17. Nxd4 Rxd4 18. Nf3 Rd6 19. Qe5 Qd8 20. Rbb1 Rd5 21. Rbd1 Nb6 22. Rxd5 Qxd5 23. Rd1 Qxe5 24. Nxe5 Kf8 25. Rd8+ Ke7 26. Rh8 h6 27. Bb5 a6 28. Ng6+ Kf6 29. Be8 e5 30. Rf8+ Ke6 31. Bf7+ Kf6 32. Be8+ Ke6 33. Bf7+ Kf6 1/2-1/2